Šmahel, František, 1934-. Cesta Karla IV. do Francie. - Praha : Argo. - 2006 [Rezension]
| Titel: | Šmahel, František, 1934-. Cesta Karla IV. do Francie. - Praha : Argo. - 2006 [Rezension] |
|---|---|
| Verfasser: | |
| In: |
Matice Moravská (Brünn): Časopis Matice Moravské, Band 125, Heft 1 (2006), Seite 225-228 alle Artikel anzeigen |
| Veröffentlicht: | 2006 |
| Format: | Aufsatz |
| Sprache: | Tschechisch |
X
alg: 39506733 001A $01999:12-11-16 001B $01999:04-08-21 $t21:03:44.000 001D $01999:12-11-16 001U $0utf8 001X $00 002@ $0Aox 003@ $0395067332 007A $0395067332 $aHEB 007T $0Herdc0072717m 010@ $acze 011@ $a2006 021A $aŠmahel, František, 1934-. Cesta Karla IV. do Francie. - Praha : Argo. - 2006 [Rezension] 028A $aWihoda $dMartin 031A $d125 $e1 $h225-228 $j2006 039B $aIn $8--Abvc--Matice Moravská$gBrünn [Tb1]. Časopis Matice Moravské. - Brno, 1869-. - ISSN 0323-052X $x200600001250001775 $9047461179 039T $8--Aau--Šmahel, František$Z1934- [Tp1]. Cesta Karla IV. do Francie. - Vyd. 1.. - Praha : Argo, 2006. - 398 S.. - zahlr. Ill.. - ISBN 80-7203-765-X $9181205033 045F $a900.94371 $eDDC23BSB 045F/01 $a900 045F/03 $g4371 045T $a8 lok: 39506733 78 exp: 39506733 78 1 #EPN 201B/01 $026-11-17 $t03:56:44.000 201U/01 $0utf8 203@/01 $0791365972 208@/01 $a12-11-16 $be 209A/01 $a/ $f000 $x00 220C/01 $aTitelaufnehmer: pg 220C/01 $aHerkunft: Hú Av Čr Praha 220C/01 $aAnmerkung: rec.:125, <2006>, č. 1, s. 225-228 244Z/01 $#Tschechien $#Tschechische Republik $#Tschechische Republik $#Tschechenland $#Tschechei Tschechien $#Česká Republika $#Czech Republic $#ČR $74303381-7 $8--Tg1--Tschechien $x01 $9086659812 244Z/01 $2Trx $#Böhmen $#Bohemia $#Czechy $8--Trx--Čechy $x02 $9391188941 244Z/01 $2Trx $#arvustused $#recenzijos $#Reviews $#recenziók $#recenzje $#recenzie $#recenze $8--Trx--Rezensionen $x03 $9391357441 247C/01 $82080>Marburg/Lahn, Herder-Institut, Forschungsbibliothek, Bibliographieportal $9336309341
| LEADER | 00000caa a22000002c 4500 | ||
|---|---|---|---|
| 001 | 395067332 | ||
| 003 | DE-603 | ||
| 005 | 20210804210344.0 | ||
| 007 | tu | ||
| 008 | 161112s2006 xx |||| | u00||u|cze c | ||
| 035 | |a (DE-599)HEB395067332 | ||
| 040 | |a DE-603 |b ger |c DE-603 |d DE-603 | ||
| 041 | |a cze | ||
| 082 | 0 | 4 | |8 1\u |a 900.94371 |q DE-101 |2 23/BSB |
| 084 | |a 8 |2 ssgn | ||
| 085 | |8 1\u |b 900 | ||
| 085 | |8 1\u |z 2 |s 4371 | ||
| 100 | 1 | |a Wihoda, Martin | |
| 245 | 0 | 0 | |a Šmahel, František, 1934-. Cesta Karla IV. do Francie. - Praha : Argo. - 2006 [Rezension] |
| 264 | 0 | |c 2006 | |
| 773 | 0 | 8 | |i In |a Matice Moravská (Brünn) |t Časopis Matice Moravské |d Brno, 1869- |x 0323-052X |g Band 125, Heft 1 (2006), Seite 225-228 |w (DE-603)047461179 |w (DE-600)282647-1 |
| 787 | 0 | 8 | |i Rezension von |a Šmahel, František, 1934- |t Cesta Karla IV. do Francie |b Vyd. 1. |d Praha : Argo, 2006 |h 398 S., zahlr. Ill. |z 807203765X |w (DE-603)181205033 |
| 924 | 0 | |9 2080 |a (DE-603)791365972 |b DE-2080 |c HES |d d |g / | |


